[Event "IX Camp. europeo"]
[Site "Plovdiv BUL"]
[Date "2008.04.25"]
[Round "5"]
[White "Volkov, Sergey1"]
[Black "Kurnosov, I."]
[Result "1/2-1/2"]
[WhiteElo "2633"]
[BlackElo "2593"]
[PlyCount "108"]
[EventDate "2008.04.21"]
[Source "www.chesslib.no"]
[SourceDate "2004.05.04"]

1. d4 Nf6 2. c4 g6 3. Nc3 d5 4. Nf3 Bg7 5. Qb3 dxc4 6. Qxc4 O-O 7. e4 c6 8. Qb3 e5 9. dxe5 Ng4 10. Bf4 Nd7 11. Be2 Ndxe5 12. Nxe5 Nxe5 13. O-O Qe7 14. Rad1 Be6 15. Qa4 a5 16. Qc2 b5 17. a4 Qb4 18. Ra1 Bb3 19. Qc1 Bc4 20. Re1 Bxe2 21. Bxe5 Bxe5 22. Rxe2 Qc4 23. Kf1 Rfd8 24. axb5 a4 25. f4 Bxc3 26. Qxc3 Qxc3 27. bxc3 cxb5 28. Rb2 Rac8 29. Rc1 Rc4 30. Rxb5 Rxe4 31. Rb4 Rxb4 32. cxb4 Rd4 33. b5 Rxf4+ 34. Ke2 Rb4 35. Ra1 h5 36. b6 Rxb6 37. Rxa4 Rf6 38. h4 Rf5 39. Ke3 Kg7 40. Ra8 Rf1 41. Ke2 Rf4 42. g3 Rf5 43. Ke3 f6 44. Ke4 Rf1 45. Ra5 Kh6 46. Ra8 g5 47. hxg5+ Kxg5 48. Rg8+ Kh6 49. Rh8+ Kg6 50. Rg8+ Kh7 51. Ra8 Kg7 52. Rb8 f5+ 53. Ke3 Kf6 54. Ke2 Rc1 1/2-1/2

[Event "IV Open"]
[Site "Marseille"]
[Date "2003.??.??"]
[Round "6.2"]
[White "Epishin, Vladimir"]
[Black "Eljanov, Pavel"]
[Result "1-0"]
[WhiteElo "2628"]
[BlackElo "2567"]
[PlyCount "117"]
[EventDate "2003.06.28"]
[Source "Roberto Alvarez"]
[SourceDate "2003.07.14"]

1. d4 Nf6 2. c4 g6 3. Nc3 d5 4. Nf3 Bg7 5. Qb3 dxc4 6. Qxc4 O-O 7. e4 c6 8. Be2 b5 9. Qb3 Qa5 10. Bd2 b4 11. Na4 Nxe4 12. Bxb4 Qd8 13. O-O Na6 14. Bxa6 Bxa6 15. Rfe1 Nd6 16. Qc2 Bb5 17. Nc3 Re8 18. Rad1 e6 19. Ne5 a5 20. Bc5 a4 21. a3 Nf5 22. h3 Qc7 23. Ne4 Rad8 24. Qc3 Rd5 25. g4 Nh6 26. Qe3 f5 27. Nc3 Rdd8 28. g5 Nf7 29. f4 Nd6 30. h4 Nb7 31. Kg2 Na5 32. Kg3 Nc4 33. Nxc4 Bxc4 34. Nxa4 Rb8 35. b4 Kf7 36. Nb2 Bd5 37. Nd3 Ra8 38. Ne5+ Bxe5 39. fxe5 Ra4 40. Rd3 Rea8 41. Kf4 Qd8 42. Qg3 Be4 43. Rc3 Kg7 44. Ree3 Qc8 45. Qf2 Qa6 46. Rxe4 fxe4 47. Kxe4 Qc8 48. Qf6+ Kg8 49. Rf3 Qd7 50. h5 Qd5+ 51. Kf4 Qa2 52. Kg3 Rxa3 53. Qf7+ Kh8 54. b5 Rxf3+ 55. Qxf3 gxh5 56. b6 Qd2 57. Kh3 Qxg5 58. Bd6 Qg7 59. Qf6 1-0

[Event "Torino Scaccomatto op"]
[Site "Torino"]
[Date "2000.11.21"]
[Round "4"]
[White "Epishin, Vladimir"]
[Black "Romanishin, Oleg M"]
[Result "1-0"]
[WhiteElo "2567"]
[BlackElo "2591"]
[PlyCount "158"]
[EventDate "2000.11.18"]
[Source "ChessBase"]
[SourceDate "2001.01.11"]

1. d4 Nf6 2. c4 g6 3. Nc3 d5 4. Nf3 Bg7 5. Qb3 dxc4 6. Qxc4 O-O 7. e4 c6 8. Be2 b5 9. Qb3 Qa5 10. Bd2 b4 11. Na4 Nxe4 12. Bxb4 Qc7 13. O-O Na6 14. Bxa6 Bxa6 15. Rfe1 Nd6 16. Qa3 Rfe8 17. Rac1 Nb5 18. Qe3 Rad8 19. Bc5 Bc8 20. Nc3 Nxc3 21. bxc3 Bg4 22. Ne5 Be6 23. c4 Bxe5 24. Qxe5 Qxe5 25. Rxe5 Rd7 26. h3 h5 27. Re3 Rb8 28. Rb3 Rdb7 29. Rcc3 Rxb3 30. axb3 Rb7 31. b4 f6 32. Kf1 Kf7 33. Ke2 g5 34. Kd3 Bf5+ 35. Kd2 Be6 36. Rc2 h4 37. Kc3 f5 38. Ra2 g4 39. Ra6 Bd7 40. d5 cxd5 41. cxd5 Bb5 42. Rh6 Bf1 43. hxg4 fxg4 44. Rh7+ Kg6 45. Rxh4 Kg5 46. Rh2 Rd7 47. Be3+ Kf5 48. Kd4 Rc7 49. Rh5+ Kg6 50. Rh6+ Kf5 51. Rc6 Rd7 52. g3 Bg2 53. Rc5 e5+ 54. Kc3 Bxd5 55. Ra5 Rc7+ 56. Kb2 Ke4 57. Bxa7 Rc8 58. Ra3 Ra8 59. b5 Kf5 60. b6 Ke6 61. Rc3 Rf8 62. Rc2 Rf3 63. Rd2 Bb7 64. Bb8 Bd5 65. Bc7 Rb3+ 66. Kc2 Rb5 67. Re2 Bf3 68. Re3 Bc6 69. Kc3 Bb7 70. Re1 Rd5 71. Re2 Bc6 72. Kb4 Rb5+ 73. Kc4 Rd5 74. Ra2 Kd7 75. Ra7 Kc8 76. Bxe5 Rd7 77. Ra3 Rd5 78. Bd4 Rb5 79. Be3 Rb1 1-0

[Event "ISR-chT"]
[Site "Israel"]
[Date "1997.??.??"]
[Round "6"]
[White "Psakhis, Lev"]
[Black "Finkel, Alexander"]
[Result "1/2-1/2"]
[WhiteElo "2615"]
[BlackElo "2505"]
[PlyCount "41"]
[EventDate "1997.??.??"]
[Source "ChessBase"]
[SourceDate "1997.08.01"]

1. d4 Nf6 2. c4 g6 3. Nc3 d5 4. Nf3 Bg7 5. Qb3 dxc4 6. Qxc4 O-O 7. e4 c6 8. Be2 b5 9. Qb3 Qa5 10. Bd2 b4 11. Na4 Nxe4 12. Bxb4 Qd8 13. O-O Be6 14. Qc2 Nd6 15. Rfd1 Nf5 16. Bc4 Bd5 17. Bxd5 cxd5 18. Rac1 Re8 19. Qd3 e6 20. g3 Nd7 21. b3 1/2-1/2

[Event "Jugoslavija"]
[Site "?"]
[Date "1999.??.??"]
[Round "?"]
[White "Beliavsky, A."]
[Black "Tosic, M."]
[Result "1-0"]
[WhiteElo "2615"]
[BlackElo "2500"]
[PlyCount "83"]
[EventDate "1999.??.??"]
[Source "Chess Informant"]
[SourceDate "1999.06.01"]

1. d4 Nf6 2. c4 g6 3. Nc3 d5 4. Nf3 Bg7 5. Qb3 dxc4 6. Qxc4 O-O 7. e4 c6 8. Qb3 a5 9. Be2 b5 10. Qc2 a4 11. a3 Be6 12. Bf4 Na6 13. O-O Bb3 14. Qd2 Qb6 15. Bd1 c5 16. Bxb3 axb3 17. d5 Rfd8 18. Rfd1 Qb7 19. Qe2 Nh5 20. Bd2 c4 21. e5 Bh8 22. Be3 Rac8 23. Rd2 Nc5 24. Bxc5 Rxc5 25. Rad1 Rcc8 26. g3 Qb8 27. Re1 e6 28. dxe6 fxe6 29. Nd4 Rc5 30. f4 Qb6 31. Red1 Rf8 32. Kh1 Bg7 33. Nf3 Bh6 34. Rd6 Rc6 35. Rxc6 Qxc6 36. Rd6 Qb7 37. Qe4 Qf7 38. Nxb5 g5 39. Qxc4 gxf4 40. Qxe6 fxg3 41. Qxf7+ Rxf7 42. Rxh6 1-0

[Event "Camp. russo a squadre 2007"]
[Site "Sochi RUS"]
[Date "2007.05.10"]
[Round "9"]
[White "Belov, Vl"]
[Black "Yandemirov, V."]
[Result "1/2-1/2"]
[WhiteElo "2586"]
[BlackElo "2515"]
[PlyCount "85"]
[EventDate "2007.05.02"]
[Source "www.chesslib.no"]
[SourceDate "2004.05.04"]

1. d4 Nf6 2. c4 g6 3. Nc3 d5 4. Nf3 Bg7 5. Qb3 dxc4 6. Qxc4 O-O 7. e4 c6 8. Be2 Be6 9. Qd3 Bg4 10. Be3 Qa5 11. O-O Rd8 12. Qc2 Nbd7 13. h3 Bxf3 14. Bxf3 e5 15. dxe5 Qxe5 16. Rad1 Nb6 17. Qb3 Nfd7 18. Be2 Qe7 19. f3 Nc5 20. Qa3 Bf8 21. Qa5 Nbd7 22. Qc7 Rac8 23. Qg3 Bg7 24. h4 Ne6 25. Qf2 Qb4 26. Rd2 Nb6 27. a3 Qe7 28. Rdd1 Rxd1 29. Rxd1 Rd8 30. f4 Rxd1+ 31. Nxd1 Qd8 32. Nc3 Bd4 33. g3 Bxe3 34. Qxe3 Nd4 35. Bf1 Nc2 36. Qf2 Nd4 37. e5 Nf5 38. Ne4 Qd1 39. Kh2 Nd5 40. Bh3 Nfe3 41. Qd2 Qb1 42. Nd6 b5 43. e6 1/2-1/2

[Event "Nova Gorica op"]
[Site "Nova Gorica"]
[Date "1997.??.??"]
[Round "6"]
[White "Kozul, Zdenko"]
[Black "Finkel, Alexander"]
[Result "1/2-1/2"]
[WhiteElo "2590"]
[BlackElo "2505"]
[PlyCount "93"]
[EventDate "1997.01.??"]
[Source "www.chesslib.no"]
[SourceDate "2004.05.04"]

1. d4 Nf6 2. Nf3 g6 3. c4 Bg7 4. Nc3 d5 5. Qb3 dxc4 6. Qxc4 O-O 7. e4 c6 8. Qb3 b5 9. e5 Ne8 10. Be2 Be6 11. Qc2 Bf5 12. Qd1 Nc7 13. O-O Nd7 14. Nh4 Be6 15. f4 f5 16. Bf3 Nd5 17. Bxd5 Bxd5 18. Nxd5 cxd5 19. Bd2 e6 20. Nf3 Qb6 21. Qe1 Rfc8 22. Ba5 Qa6 23. Bb4 Bf8 24. Bxf8 Nxf8 25. Qe2 Rc4 26. b3 Rc3 27. h4 Rac8 28. a4 Rxb3 29. axb5 Qxb5 30. Qxb5 Rxb5 31. Rxa7 Rb2 32. Kh2 Rbc2 33. Rb1 R2c7 34. Rbb7 Rxb7 35. Rxb7 h6 36. Kh3 Rd8 37. h5 gxh5 38. Kh4 Rd7 39. Rxd7 Nxd7 40. Kxh5 Kg7 41. g4 fxg4 42. Kxg4 Nf8 43. Nh4 Ng6 44. f5 exf5+ 45. Nxf5+ Kh7 46. Nh4 Ne7 47. Nf5 1/2-1/2

[Event "Corr"]
[Site "?"]
[Date "1999.??.??"]
[Round "12"]
[White "Berdichesky Ruben"]
[Black "Kunzmann Hector AT"]
[Result "1-0"]
[WhiteElo "2633"]
[BlackElo "2456"]
[PlyCount "75"]
[EventDate "1999.??.??"]
[Source "www.chesslib.no"]
[SourceDate "2004.05.04"]

1. d4 Nf6 2. c4 g6 3. Nc3 d5 4. Nf3 Bg7 5. Qb3 dxc4 6. Qxc4 O-O 7. e4 c6 8. Qb3 a5 9. Be2 a4 10. Qc2 a3 11. b4 Bg4 12. Be3 Ne8 13. O-O Nd6 14. Rab1 Bxf3 15. Bxf3 e5 16. d5 cxd5 17. Nxd5 Nc6 18. Nb6 Ra7 19. Qc5 Nd4 20. Nc4 Nxf3+ 21. gxf3 Nc8 22. Rfd1 Qh4 23. Rd7 b6 24. Nxb6 Qh3 25. Rxa7 Nxa7 26. Nc4 Nc8 27. Nd2 Bh6 28. b5 Bxe3 29. Qxe3 Nd6 30. Qxa3 Qe6 31. b6 Rb8 32. Qa7 Rb7 33. a4 Kg7 34. Qa8 Qa2 35. Qa5 Nc4 36. Qd5 Qxd2 37. Qxc4 Qg5+ 38. Kf1 1-0

[Event "Lvov zt"]
[Site "Lvov"]
[Date "1990.??.??"]
[Round "?"]
[White "Eingorn, Vereslav S"]
[Black "Kuzmin, Gennadi P"]
[Result "1/2-1/2"]
[WhiteElo "2570"]
[BlackElo "2495"]
[PlyCount "105"]
[EventDate "1990.02.??"]
[Source "ChessBase"]

1. d4 Nf6 2. Nf3 g6 3. c4 Bg7 4. Nc3 d5 5. Qb3 dxc4 6. Qxc4 O-O 7. e4 c6 8. Be2 a5 9. O-O Na6 10. Bf4 Nb4 11. Qb3 Be6 12. Qd1 h6 13. h3 g5 14. Be5 a4 15. a3 Bb3 16. Qd2 Na6 17. Qe3 b5 18. Nd2 b4 19. axb4 Nxb4 20. Nxb3 Nc2 21. Qc1 axb3 22. Rxa8 Qxa8 23. Bd1 Nb4 24. Bxb3 Nd3 25. Qc2 Nxe5 26. dxe5 Nh5 27. e6 fxe6 28. Bxe6+ Kh8 29. g3 Qb8 30. Kg2 Qe5 31. Bg4 Nf6 32. Qe2 Qc5 33. Re1 Nxg4 34. hxg4 Rb8 35. e5 Qd4 36. e6 Qb4 37. Nd1 Rd8 38. Rh1 Qb3 39. Nc3 Rd6 40. Rd1 Qxe6 41. Rxd6 Qxd6 42. Qc4 Bxc3 43. bxc3 e5 44. Qe4 Qd5 45. Kf3 Qd1+ 46. Qe2 Qd5+ 47. Ke3 Qc5+ 48. Kd2 Kg7 49. Qe3 Qd5+ 50. Qd3 Kf6 51. Ke3 Qc5+ 52. Ke2 e4 53. Qxe4 1/2-1/2

[Event "Ubeda op 6th"]
[Site "Ubeda"]
[Date "2001.01.25"]
[Round "5"]
[White "Abdel Razik, Khaled"]
[Black "Avrukh, Boris"]
[Result "0-1"]
[WhiteElo "2385"]
[BlackElo "2630"]
[PlyCount "64"]
[EventDate "2001.01.21"]
[Source "ChessBase"]
[SourceDate "2001.03.08"]

1. d4 Nf6 2. c4 g6 3. Nc3 d5 4. Nf3 Bg7 5. Qb3 dxc4 6. Qxc4 O-O 7. e4 c6 8. Qb3 a5 9. h3 b5 10. Qc2 a4 11. Be2 Be6 12. O-O b4 13. Nxa4 Nxe4 14. b3 Bd5 15. a3 bxa3 16. Bxa3 Nd6 17. Rfe1 Nd7 18. Nc5 Bxf3 19. Bxf3 Bxd4 20. Na4 Bxa1 21. Rxa1 Rc8 22. Re1 c5 23. Rd1 Qc7 24. Bb2 Nf6 25. Nc3 Nf5 26. Ne4 Nxe4 27. Bxe4 Nd4 28. Qc4 Qf4 29. Re1 Rfd8 30. Qc3 Rb8 31. Qxc5 Ne2+ 32. Kf1 Ng3+ 0-1

[Event "Nagykanizsa 1st"]
[Site "Nagykanizsa"]
[Date "2003.11.09"]
[Round "5"]
[White "Gyimesi, Zoltan"]
[Black "Antal, Gergely"]
[Result "1/2-1/2"]
[WhiteElo "2537"]
[BlackElo "2473"]
[PlyCount "120"]
[EventDate "2003.11.05"]
[Source "ChessBase"]
[SourceDate "2004.03.30"]

1. d4 Nf6 2. c4 g6 3. Nc3 d5 4. Nf3 Bg7 5. Qb3 dxc4 6. Qxc4 O-O 7. e4 c6 8. Qb3 a5 9. Be2 a4 10. Qc2 a3 11. b4 e5 12. dxe5 Ng4 13. O-O Nxe5 14. Nxe5 Bxe5 15. Be3 Qf6 16. Rac1 Na6 17. b5 Nb4 18. Qb3 Bxc3 19. Rxc3 Nxa2 20. Rc2 Be6 21. Bc4 Nb4 22. Qxb4 a2 23. Bxa2 Rxa2 24. Bd4 Qf4 25. Rxa2 Bxa2 26. bxc6 bxc6 27. Qe7 Be6 28. Rd1 h5 29. Bf6 Qb8 30. Bc3 Kh7 31. Qf6 Rg8 32. h3 Qb3 33. Rd6 g5 34. Kh2 Qb8 35. Be5 Qf8 36. Rxc6 Rg6 37. Qf3 Bg4 38. hxg4 Rxc6 39. Qf5+ Kg8 40. Qxg5+ Rg6 41. Qh4 Qh6 42. Qd8+ Qf8 43. Qxf8+ Kxf8 44. gxh5 Rg5 45. Bd6+ Ke8 46. h6 Rh5+ 47. Kg3 Rxh6 48. Bf4 Rh5 49. Kg4 Rb5 50. Bg3 Ke7 51. f4 Rb2 52. Bh4+ Ke6 53. g3 f6 54. Kh5 Rb8 55. f5+ Ke5 56. Kg6 Kxe4 57. Bxf6 Rg8+ 58. Bg7 Rxg7+ 59. Kxg7 Kxf5 60. g4+ Kxg4 1/2-1/2

[Event "Chartres Open"]
[Site "Chartres"]
[Date "1990.??.??"]
[Round "7"]
[White "Flear, Glenn C"]
[Black "Donchev, Dimitar I"]
[Result "0-1"]
[WhiteElo "2470"]
[BlackElo "2525"]
[PlyCount "90"]
[EventDate "1990.??.??"]
[Source "www.chesslib.no"]
[SourceDate "2004.05.04"]

1. d4 Nf6 2. c4 g6 3. Nc3 d5 4. Nf3 Bg7 5. Qb3 dxc4 6. Qxc4 O-O 7. e4 c6 8. Qb3 e5 9. dxe5 Ng4 10. Bf4 Qe7 11. Rd1 Be6 12. Qc2 Nd7 13. Be2 Ndxe5 14. Nxe5 Nxe5 15. O-O Rfd8 16. h3 Rxd1 17. Rxd1 Rd8 18. Be3 Rxd1+ 19. Qxd1 b5 20. Bd4 g5 21. a3 Qd7 22. Be3 Qxd1+ 23. Nxd1 Bc4 24. Bxc4 Nxc4 25. Bc1 h6 26. f3 Kf8 27. Kf1 Ke7 28. Ke2 Ke6 29. Kd3 Ne5+ 30. Kc2 Ng6 31. Kd3 Nh4 32. Ne3 Be5 33. Ke2 f5 34. exf5+ Nxf5 35. Nxf5 Kxf5 36. Kd3 Bf4 37. Be3 Bxe3 38. Kxe3 c5 39. g3 Ke5 40. Kd3 h5 41. Ke3 h4 42. f4+ gxf4+ 43. gxf4+ Kf5 44. Kf3 a5 45. Ke3 a4 0-1

[Event "ISR-ch"]
[Site "Jerusalem"]
[Date "1996.??.??"]
[Round "4"]
[White "Greenfeld, Alon"]
[Black "Vydeslaver, Alik"]
[Result "1/2-1/2"]
[WhiteElo "2555"]
[BlackElo "2440"]
[PlyCount "76"]
[EventDate "1996.10.26"]
[Source "ChessBase"]

1. d4 Nf6 2. c4 g6 3. Nc3 d5 4. Nf3 Bg7 5. Qb3 dxc4 6. Qxc4 O-O 7. e4 c6 8. Qb3 a5 9. Be2 a4 10. Qc2 a3 11. b4 e5 12. dxe5 Ng4 13. O-O Nxe5 14. Nxe5 Bxe5 15. Be3 Qf6 16. Rac1 Na6 17. b5 Nc7 18. bxc6 bxc6 19. f4 Bd4 20. Qd2 Ne6 21. e5 Qd8 22. Rfd1 Bb6 23. Kh1 Qxd2 24. Bxd2 Nd4 25. Bc4 Bg4 26. Re1 Rfd8 27. Be3 Ba5 28. Rf1 Bf5 29. Rf2 Rab8 30. h3 Rb2 31. g4 Bxc3 32. Rxc3 Be4+ 33. Kh2 h5 34. Kg3 hxg4 35. hxg4 Nb5 36. Bxb5 cxb5 37. Rxa3 Rxf2 38. Kxf2 Ra8 1/2-1/2

[Event "Lazne Bohdanec"]
[Site "Lazne Bohdanec"]
[Date "1995.??.??"]
[Round "6"]
[White "Babula, Vlastimil"]
[Black "David, Pavel"]
[Result "1-0"]
[WhiteElo "2530"]
[BlackElo "2455"]
[PlyCount "101"]
[EventDate "1995.01.??"]
[Source "ChessBase"]

1. d4 Nf6 2. c4 g6 3. Nc3 d5 4. Nf3 Bg7 5. Qb3 dxc4 6. Qxc4 O-O 7. e4 c6 8. Qb3 e5 9. dxe5 Ng4 10. Be2 Qb6 11. O-O Nxe5 12. Nxe5 Bxe5 13. Be3 Qxb3 14. axb3 Na6 15. b4 b5 16. Rfd1 Re8 17. Nxb5 Nxb4 18. Nd6 Bxd6 19. Rxd6 Nc2 20. Rxa7 Rxa7 21. Bxa7 Rxe4 22. Rxc6 Bf5 23. Rxc2 Ra4 24. Rc7 Ra1+ 25. Bf1 Bd3 26. Rc8+ Kg7 27. Bd4+ f6 28. Rc7+ Kg8 29. h3 Rxf1+ 30. Kh2 h6 31. f3 Re1 32. Bxf6 Re6 33. Bc3 Re2 34. Rd7 Bb1 35. Rd1 Bf5 36. Rd2 Re8 37. g4 Bc8 38. Rd6 Be6 39. Kg3 h5 40. Rc6 hxg4 41. hxg4 Kf7 42. Rc7+ Re7 43. Rxe7+ Kxe7 44. Kh4 Bd5 45. f4 Be4 46. Kg5 Ke6 47. b4 Bd3 48. b5 Bxb5 49. Kxg6 Be2 50. f5+ Ke7 51. f6+ 1-0

[Event "Polanica Zdroj op-A"]
[Site "Polanica Zdroj"]
[Date "2000.08.23"]
[Round "6"]
[White "Kempinski, Robert"]
[Black "Eljanov, Pavel"]
[Result "0-1"]
[WhiteElo "2498"]
[BlackElo "2487"]
[PlyCount "128"]
[EventDate "2000.08.17"]
[Source "www.chesslib.no"]
[SourceDate "2004.05.04"]

1. d4 Nf6 2. c4 g6 3. Nc3 d5 4. Nf3 Bg7 5. Qb3 dxc4 6. Qxc4 O-O 7. e4 c6 8. Qb3 a5 9. e5 Nd5 10. Be2 Nb4 11. a3 Be6 12. Qd1 Nd5 13. Ne4 Bf5 14. Bd3 Nd7 15. O-O Qb6 16. h3 Rfd8 17. Re1 Nf8 18. Nc5 Bxd3 19. Qxd3 Nc7 20. Qc4 Nce6 21. Nxe6 Nxe6 22. Be3 Rd5 23. b4 Qb5 24. Qc3 Nc7 25. Reb1 axb4 26. axb4 Rdd8 27. Qb3 Rxa1 28. Rxa1 Nd5 29. Bd2 e6 30. Ra5 Qb6 31. Qc4 Bf8 32. b5 Rc8 33. Ng5 Bh6 34. h4 Bxg5 35. hxg5 Qd8 36. Ra7 cxb5 37. Qxb5 b6 38. Qa4 Qe8 39. Qxe8+ Rxe8 40. Rb7 Rc8 41. Kf1 Rc4 42. Be3 Rc2 43. g3 Kf8 44. Ke1 Nxe3 45. fxe3 Rg2 46. Rxb6 Rxg3 47. Kf2 Rxg5 48. e4 h5 49. Rb8+ Kg7 50. Kf3 h4 51. Rb1 Rg3+ 52. Ke2 h3 53. Rd1 h2 54. Rh1 Rg2+ 55. Kf3 Rd2 56. Ke3 Ra2 57. d5 exd5 58. exd5 Kf8 59. Ke4 Ke7 60. Kf4 Rd2 61. Ke4 g5 62. Kf5 Rg2 63. d6+ Kd7 64. Kf6 g4 0-1

[Event "Kiel op-A 16th"]
[Site "?"]
[Date "2003.07.30"]
[Round "7.2"]
[White "Farago Ivan"]
[Black "Gutman Lev"]
[Result "1/2-1/2"]
[WhiteElo "2465"]
[BlackElo "2501"]
[PlyCount "63"]
[EventDate "2003.??.??"]
[Source "www.chesslib.no"]
[SourceDate "2004.05.04"]

1. d4 Nf6 2. c4 g6 3. Nc3 d5 4. Nf3 Bg7 5. Qb3 dxc4 6. Qxc4 O-O 7. e4 c6 8. Be2 b5 9. Qb3 Qa5 10. e5 Be6 11. Qc2 Bf5 12. Bd3 Bxd3 13. Qxd3 Nd5 14. O-O b4 15. Nxd5 Qxd5 16. Be3 Nd7 17. Qd2 a5 18. Rfc1 Rfc8 19. Rc2 f6 20. exf6 exf6 21. Qe2 Nb6 22. Nd2 Qd7 23. Rac1 Nd5 24. Qd3 Rc7 25. Nc4 a4 26. Bd2 Bf8 27. Ne3 Rd8 28. Qc4 Rb7 29. b3 a3 30. g3 Rb6 31. Nxd5 cxd5 32. Qc7 1/2-1/2

[Event "BL2-Sued 0102"]
[Site "Germany"]
[Date "2002.04.28"]
[Round "9.1"]
[White "Gyimesi, Zoltan"]
[Black "Gheng, Josef"]
[Result "1/2-1/2"]
[WhiteElo "2602"]
[BlackElo "2319"]
[PlyCount "134"]
[EventDate "2001.10.07"]
[Source "ChessBase"]
[SourceDate "2002.07.08"]

1. d4 Nf6 2. c4 g6 3. Nc3 d5 4. Nf3 Bg7 5. Qb3 dxc4 6. Qxc4 O-O 7. e4 c6 8. Qb3 Qb6 9. Bc4 Na6 10. Bg5 h6 11. Bf4 Qxb3 12. Bxb3 Nb4 13. O-O-O Bg4 14. Rd2 Bxf3 15. gxf3 Nh5 16. Be3 e6 17. a3 Na6 18. Rhd1 Rac8 19. Kb1 Nc7 20. Na4 Nf6 21. Nc5 b6 22. Nd3 Nd7 23. f4 Nb5 24. Ne5 Nxe5 25. dxe5 c5 26. Rd7 Nd4 27. Bxd4 cxd4 28. h4 Rc5 29. R1xd4 g5 30. hxg5 hxg5 31. fxg5 Bxe5 32. Rd3 Kg7 33. Bxe6 Kg6 34. Bd5 Kxg5 35. Rxf7 Rxf7 36. Bxf7 Kf4 37. Bd5 Rc7 38. f3 Rg7 39. Be6 Rg2 40. Rb3 Rf2 41. Bg4 Rh2 42. Rb5 Rf2 43. a4 Rh2 44. Ka2 Rf2 45. Ka3 Rd2 46. b4 Rd3+ 47. Ka2 Bd4 48. Rd5 Ke3 49. e5 Bc3 50. Rb5 Kd4 51. f4 Rd2+ 52. Kb3 Rb2+ 53. Ka3 Rf2 54. Bd7 Bb2+ 55. Ka2 Kc3 56. Bf5 Bc1+ 57. Kb1 Bxf4 58. Rd5 Kb3 59. Be6 Kxb4 60. Bd7 Kc3 61. Bb5 Rb2+ 62. Ka1 Rb4 63. e6 Re4 64. Rd3+ Kc2 65. Rf3 Re1+ 66. Ka2 Bd6 67. Rf2+ Kc3 1/2-1/2

[Event "Kharkov Rectora Cup"]
[Site "Kharkov"]
[Date "2000.10.04"]
[Round "4"]
[White "Nikitin, Andrey"]
[Black "Eljanov, Pavel"]
[Result "0-1"]
[WhiteElo "2431"]
[BlackElo "2487"]
[PlyCount "108"]
[EventDate "2000.10.01"]
[Source "www.chesslib.no"]
[SourceDate "2004.05.04"]

1. d4 Nf6 2. c4 g6 3. Nc3 d5 4. Nf3 Bg7 5. Qb3 dxc4 6. Qxc4 O-O 7. e4 c6 8. Be2 b5 9. Qb3 Qa5 10. e5 Be6 11. Qc2 Bf5 12. Bd3 Bxd3 13. Qxd3 Nd5 14. Bd2 Nxc3 15. Bxc3 Qd8 16. h4 h5 17. O-O-O Qd5 18. Kb1 Nd7 19. Ng5 Bh6 20. Ne4 a5 21. Qf3 b4 22. Bd2 Bg7 23. Bg5 Rae8 24. Rhe1 f6 25. exf6 exf6 26. Bc1 f5 27. Ng5 Rxe1 28. Rxe1 Nb6 29. Re6 Qxf3 30. Nxf3 Rf6 31. Re5 Nd5 32. Bg5 Rd6 33. Re8+ Kf7 34. Ra8 Re6 35. Rxa5 Re2 36. Be3 Nxe3 37. Ng5+ Ke7 38. Ra7+ Kd6 39. fxe3 Bf6 40. Rf7 Bxg5 41. hxg5 Rxe3 42. Kc2 Rg3 43. Rf6+ Kd5 44. Rxg6 Rxg2+ 45. Kb3 f4 46. Rf6 Ke4 47. Kxb4 Rxg5 48. a4 f3 49. Kc3 h4 50. Re6+ Kf4 51. Rf6+ Kg3 52. Kd2 h3 53. Ke3 Kg2 54. Rxf3 Rg3 0-1

[Event "ch-ROU"]
[Site "Cluj ROU"]
[Date "2008.02.27"]
[Round "4"]
[White "Georgescu, T."]
[Black "Lupulescu, C."]
[Result "1/2-1/2"]
[WhiteElo "2356"]
[BlackElo "2553"]
[PlyCount "28"]
[EventDate "2008.02.25"]
[Source "www.chesslib.no"]
[SourceDate "2004.05.04"]

1. d4 Nf6 2. c4 g6 3. Nc3 d5 4. Nf3 Bg7 5. Qb3 dxc4 6. Qxc4 O-O 7. e4 c6 8. Be2 a5 9. O-O b5 10. Qd3 Ba6 11. Qc2 Nbd7 12. Rd1 Qb6 13. a3 Bb7 14. Bf4 a4 1/2-1/2

[Event "GER-ch"]
[Site "Bremen"]
[Date "1998.11.06"]
[Round "1"]
[White "Knaak, Rainer"]
[Black "Jugelt, Tobias"]
[Result "1-0"]
[WhiteElo "2555"]
[BlackElo "2350"]
[PlyCount "53"]
[EventDate "1998.11.06"]
[Source "ChessBase"]
[SourceDate "1999.02.01"]

1. d4 Nf6 2. c4 g6 3. Nc3 d5 4. Nf3 Bg7 5. Qb3 dxc4 6. Qxc4 O-O 7. e4 c6 8. Be2 Bg4 9. Be3 Qa5 10. O-O Nbd7 11. b4 Qc7 12. Rac1 Rac8 13. Qd3 Rfd8 14. Qb1 Qb8 15. Ng5 Bxe2 16. Nxe2 e5 17. f4 exd4 18. Bxd4 h6 19. Nxf7 Kxf7 20. e5 Re8 21. exf6 Bxf6 22. f5 Rxe2 23. fxg6+ Kg7 24. Rxf6 Nxf6 25. Bxf6+ Kxf6 26. Rf1+ Ke5 27. Qf5+ 1-0

[Event "Samara (Russia)"]
[Site "?"]
[Date "2003.??.??"]
[Round "5"]
[White "Yashtylov Anatolij"]
[Black "Yandemirov Valeri"]
[Result "1/2-1/2"]
[WhiteElo "2414"]
[BlackElo "2488"]
[PlyCount "89"]
[EventDate "2003.??.??"]
[Source "www.chesslib.no"]
[SourceDate "2004.05.04"]

1. d4 Nf6 2. c4 g6 3. Nf3 Bg7 4. Nc3 d5 5. Qb3 dxc4 6. Qxc4 O-O 7. e4 c6 8. Be2 b5 9. Qb3 a5 10. a3 a4 11. Qc2 Be6 12. Bg5 Bb3 13. Qd2 Na6 14. O-O Nc7 15. h3 Ne6 16. Be3 Qa5 17. Ng5 Rfd8 18. Nxe6 Bxe6 19. Qc1 b4 20. axb4 Qxb4 21. Rd1 Bb3 22. Rd2 e5 23. dxe5 Nxe4 24. Rxd8+ Rxd8 25. Na2 Bxa2 26. Rxa2 Bxe5 27. g4 Bd4 28. Bf3 Qb3 29. Bxd4 Qxa2 30. Bb6 Qb3 31. Bxd8 Qxf3 32. Bb6 c5 33. Bxc5 Qxh3 34. Qf4 Nxc5 35. Qb8+ Kg7 36. Qe5+ Kg8 37. Qb8+ Kg7 38. Qe5+ f6 39. Qc7+ Kg8 40. Qd8+ Kf7 41. Qc7+ Ke6 42. Qc6+ Kf7 43. Qc7+ Kg8 44. Qd8+ Kg7 45. Qc7+ 1/2-1/2

[Event "Ubeda op"]
[Site "Ubeda"]
[Date "1997.??.??"]
[Round "4"]
[White "Richardson, John R"]
[Black "Mikhalevski, Victor"]
[Result "0-1"]
[WhiteElo "2360"]
[BlackElo "2535"]
[PlyCount "46"]
[EventDate "1997.02.??"]
[Source "ChessBase"]

1. d4 Nf6 2. c4 g6 3. Nc3 d5 4. Nf3 Bg7 5. Qb3 dxc4 6. Qxc4 O-O 7. e4 c6 8. Be2 b5 9. Qd3 Qa5 10. h3 Ba6 11. Qe3 b4 12. Nb1 c5 13. d5 c4 14. O-O Qb6 15. a3 Qxe3 16. Bxe3 c3 17. Bxa6 cxb2 18. Ra2 Nxa6 19. Nbd2 Nxe4 20. axb4 Nxb4 21. Rxa7 Rxa7 22. Bxa7 Nxd2 23. Nxd2 Nxd5 0-1

[Event "Dov Porath mem"]
[Site "Givatayim"]
[Date "1997.03.20"]
[Round "3"]
[White "Tsesarsky, Ilya"]
[Black "Finkel, Alexander"]
[Result "1-0"]
[WhiteElo "2390"]
[BlackElo "2505"]
[PlyCount "91"]
[EventDate "1997.03.10"]
[Source "ChessBase"]

1. d4 Nf6 2. c4 g6 3. Nc3 d5 4. Nf3 Bg7 5. Qb3 dxc4 6. Qxc4 O-O 7. e4 c6 8. Qb3 a5 9. Be2 b5 10. Qc2 a4 11. O-O b4 12. Nxa4 Nxe4 13. Qxe4 Rxa4 14. Bc4 Ba6 15. Bxa6 Rxa6 16. Bd2 Qd6 17. Rfc1 Re8 18. Rc4 b3 19. a3 Qd5 20. Qe2 Nd7 21. Rac1 c5 22. Be3 cxd4 23. Nxd4 Raa8 24. Nxb3 Ne5 25. R4c3 Reb8 26. Nd4 h5 27. h3 Kh7 28. b4 Ra4 29. Rc5 Qe4 30. Nb5 Qd3 31. Qc2 Qxc2 32. R1xc2 Nd7 33. Rc7 Ne5 34. Ra7 Rxa7 35. Nxa7 Rb7 36. b5 f5 37. f4 Nd7 38. a4 Nb6 39. Bxb6 Rxb6 40. Nc6 Rb7 41. Rd2 h4 42. Kf2 g5 43. fxg5 Kg6 44. Rd5 Kxg5 45. a5 e6 46. a6 1-0

[Event "Dieren 73/544"]
[Site "?"]
[Date "1998.??.??"]
[Round "?"]
[White "Mikhalevski, Victor"]
[Black "Van Haastert, Edwin"]
[Result "1-0"]
[WhiteElo "2540"]
[BlackElo "2345"]
[PlyCount "89"]
[EventDate "1998.??.??"]
[Source "ChessBase"]
[SourceDate "1998.06.01"]

1. d4 Nf6 2. c4 g6 3. Nc3 d5 4. Nf3 Bg7 5. Qb3 dxc4 6. Qxc4 O-O 7. e4 c6 8. Be2 a5 9. Qb3 a4 10. Qc2 Bg4 11. Be3 Qa5 12. O-O Nbd7 13. Rad1 b5 14. h3 Bxf3 15. Bxf3 e5 16. d5 cxd5 17. Nxd5 Nxd5 18. Rxd5 Nb6 19. Bxb6 Qxb6 20. Be2 b4 21. Rb5 Qd6 22. Rd1 Qe7 23. Bc4 Rfc8 24. g3 Kh8 25. b3 axb3 26. axb3 Bf8 27. Rbd5 Ra7 28. Qb2 f6 29. Qe2 Rca8 30. Kg2 Qg7 31. Qg4 Re8 32. Rd7 Rxd7 33. Rxd7 h5 34. Qd1 Re7 35. Rd8 Kh7 36. Qd5 Ra7 37. h4 g5 38. hxg5 fxg5 39. Qe6 Be7 40. Qf5+ Kh6 41. Rg8 Qf6 42. Qc8 g4 43. Rh8+ Kg5 44. Qg8+ Qg6 45. Rxh5+ 1-0